Historia de la literatura católica contemporánea: de la lengua francesa

Gorde:
Xehetasun bibliografikoak
Egile nagusia: Truc, Gonzague (Egilea)
Formatua: Liburua
Hizkuntza:gaztelania
Argitaratua: Madrid, España Gredos 1963
Gaiak:
Etiketak: Etiketa erantsi
Etiketarik gabe, Izan zaitez lehena erregistro honi etiketa jartzen!

MARC

LEADER 00000cam a2200000 a 4500
001 UCZ6233
003 CL-VaPUC
005 20240514135932.0
008 951205e19630000SP |||||||||||||||||spa|d
999 |c 242469  |d 242467 
040 |c Pontificia Universidad Católica de Valparaíso 
082 0 4 |a 848 TRU 1963  |2 21 
100 0 |a Truc, Gonzague  |e author  |9 350471 
245 1 0 |a Historia de la literatura católica contemporánea:  |b  de la lengua francesa 
260 |a Madrid, España  |b Gredos  |c 1963 
300 |a 430 páginas 
583 |a last modification  |c 20140814 11:39:09  |k Rodrigo Vera 
650 0 |a Literatura francesa  |9 266330 
650 0 |a Poesías francesas  |9 265467 
650 0 |a Novela francesa  |9 264985 
650 0 |a Ensayos franceses  |9 265511 
650 0 |a Catolicismo  |9 258690 
942 |c BK  |2 ddc 
945 |d 19951205 00:00:00  |a rleighto 
952 |0 0  |1 0  |2 ddc  |4 0  |6 848_000000000000000_TRU_1963  |7 0  |8 A  |9 255465  |a BIBEDU  |b BIBEDU  |d 2019-11-19  |i 3157423  |o 848 TRU 1963  |p 3157423  |r 2019-11-19  |t 1  |w 2019-11-19  |y BK  |k LIT 
952 |0 0  |1 0  |2 ddc  |3 erb  |4 0  |6 848_000000000000000_TRU_1963  |7 0  |8 A  |9 255466  |a BIBEDU  |b BIBEDU  |i 5007100  |l 1  |m 2  |o 848 TRU 1963  |p 5007100  |r 2023-07-14  |s 2023-06-29  |t 2  |w 2019-11-19  |y BK  |z Catalogado en:20140814  |k LIT